Στοιχεία οικονομικής γεωγραφίας
Αποθηκεύτηκε σε:
| Κύριος συγγραφέας: | |
|---|---|
| Μορφή: | Βιβλίο |
| Γλώσσα: | Greek |
| Δημοσίευση: |
Θεσσαλονίκη :
Παρατηρητής,
1992.
|
| Θέματα: | |
| Ετικέτες: |
Προσθήκη ετικέτας
Δεν υπάρχουν, Καταχωρήστε ετικέτα πρώτοι!
|
MARC
| LEADER | 00000cam a2200000 i 4500 | ||
|---|---|---|---|
| 001 | 1/41302 | ||
| 008 | 940913s1992 gr | ||| |||| ||gre|| | ||
| 020 | |a 960-260-695-9 | ||
| 035 | |a 1997 |c ΓΡΑΜΜΑΤΕΙΑ ΜΥΤΙΛΗΝΗΣ |l 10041470 | ||
| 040 | |a GR-MyUA |b gre |e AACR2 | ||
| 041 | 0 | |a gre | |
| 082 | 0 | |a 330.9 | |
| 100 | 1 | |a Λαμπριανίδης, Λόης. | |
| 245 | 1 | 0 | |a Στοιχεία οικονομικής γεωγραφίας / |c Λόης Λαμπριανίδης. |
| 260 | |a Θεσσαλονίκη : |b Παρατηρητής, |c 1992. | ||
| 300 | |a 352 σ. ; |c 23 εκ. | ||
| 504 | |a Περιέχει βιβλιογραφικές αναφορές. | ||
| 650 | 0 | 0 | |a Economic geography. |
| 852 | |a INST |b CHIOS |e 19971120 |h 330.9 ΛΑΜ |p 005200010328 |q 005200010328 |t BK |y 0 | ||
| 852 | |a INST |b CHIOS |e 20010206 |h 330.9 ΛΑΜ |p 005200016900 |q 005200016900 |t BK |y 0 | ||
| 852 | |a INST |b CHIOS |e 20000328 |h 330.9 ΛΑΜ |p 005200017894 |q 005200017894 |t BK |y 0 | ||
| 852 | |a INST |b LESVOS |e 19950505 |h 330.9 ΛΑΜ |p 005100001648 |q 005100001648 |t BK |y 0 | ||
| 852 | |a INST |b LESVOS |e 19940913 |h 330.9 ΛΑΜ |p 005100003686 |q 005100003686 |t BK |y 0 | ||
| 852 | |a INST |b LESVOS |e 19940913 |h 330.9 ΛΑΜ |p 005100003687 |q 005100003687 |t BK |y 0 | ||
| 852 | |a INST |b LESVOS |e 19940913 |h 330.9 ΛΑΜ |p 005100003688 |q 005100003688 |t BK |y 0 | ||
| 852 | |a INST |b LESVOS |e 19940913 |h 330.9 ΛΑΜ |p 005100003689 |q 005100003689 |t BK |y 0 | ||
| 852 | |a INST |b RHODES |e 20000210 |h 330.9 ΛΑΜ |p 005400013981 |q 005400013981 |t BK |y 0 | ||
| 852 | |a INST |b SAMOS |e 19971120 |h 330.9 ΛΑΜ |p 005300008638 |q 005300008638 |t BK |y 0 | ||
| 901 | |a BIBL-1997-2 | ||
| 901 | |a BIBL4-2000-1 | ||
| 901 | |a BIBL-1997-3 | ||
| 901 | |a BIBL2-2000-1 | ||
| 901 | |a BIBL2-2001-1 | ||
| 909 | |a Σ |b 050670 | ||
| 909 | |a Ρ |b 073644 | ||
| 909 | |a Χ |b 048389 | ||
| 909 | |a Χ |b 075933 | ||
| 909 | |a Χ |b 076292 | ||
| 909 | |a Λ |b 036351 | ||
| 909 | |a Λ |b 036352 | ||
| 909 | |a Λ |b 036353 | ||
| 909 | |a Λ |b 036354 | ||
| 909 | |a Λ |b 027625 | ||
| 922 | |a 4ΔΩΡ |b 200002 |c ΔΩΡΕΑ | ||